[Event "CP-2008-Q-00012"]
[Site "LSS email"]
[Date "2010.01.10"]
[Round "?"]
[White "Konstantinov, Maxim"]
[Black "Zywczok, Antoni"]
[Result "1/2-1/2"]
[WhiteElo "2003"]
[BlackElo "1586"]
[PlyCount "75"]
[EventDate "2010.01.15"]
[EventType "tourn (corr)"]
[EventRounds "6"]
[EventCountry "GER"]
[SourceTitle "Telechess CBM 141"]
[Source "ChessBase"]
[SourceDate "2011.03.17"]
[SourceVersion "1"]
[SourceVersionDate "2011.03.17"]
[SourceQuality "1"]

1. e4 c5 2. Nf3 d6 3. d4 cxd4 4. Nxd4 Nf6 5. Nc3 a6 6. Bg5 e6 7. f4 Nbd7 8. Qf3 Qc7 9. 0-0-0 b5 10. Bd3 Bb7 11. Rhe1 Be7 12. Qg3 b4 13. Nd5 exd5 14. exd5 Kd8 15. Nc6+ Bxc6 16. dxc6 Nc5 17. Bh4 Rg8 18. Bxh7 Rh8 19. Qxg7 Rxh7 20. Qxf6 Rxh4 21. Qxf7 Rh8 22. Re5 Na4 23. Re3 Ra7 24. Rde1 Qxc6 25. Rxe7 Rxe7 26. Qxe7+ Kc8 27. h3 Nc5 28. Kb1 Qd7 29. Qe3 Qf7 30. a3 bxa3 31. Qc3 Re8 32. Rd1 Qxf4 33. b4 Re3 34. Qh8+ Kc7 35. bxc5 Qb4+ 36. Ka1 Qxc5 37. Rb1 Qe5+ 38. Qxe5 1/2-1/2

[Event "CP-2008-Q-00012"]
[Site "LSS email"]
[Date "2010.01.10"]
[Round "?"]
[White "Rovchakov, Vladimir Petrovich"]
[Black "Zywczok, Antoni"]
[Result "1/2-1/2"]
[WhiteElo "2106"]
[BlackElo "1567"]
[PlyCount "76"]
[EventDate "2010.01.15"]
[EventType "tourn (corr)"]
[EventRounds "6"]
[EventCountry "GER"]
[SourceTitle "Telechess CBM 141"]
[Source "ChessBase"]
[SourceDate "2011.03.17"]
[SourceVersion "1"]
[SourceVersionDate "2011.03.17"]
[SourceQuality "1"]

1. e4 c5 2. Nf3 d6 3. d4 cxd4 4. Nxd4 Nf6 5. Nc3 a6 6. Bg5 e6 7. f4 Nbd7 8. Qf3 Qc7 9. 0-0-0 b5 10. Bd3 Bb7 11. Rhe1 Be7 12. Qg3 b4 13. Nd5 exd5 14. exd5 Kd8 15. Nc6+ Bxc6 16. dxc6 Nc5 17. Bh4 Rg8 18. Bxh7 Rh8 19. Qxg7 Rxh7 20. Qxf6 Rxh4 21. Qxf7 Rh8 22. Re5 Na4 23. Re6 Nc5 24. Re5 Na4 25. Re3 Ra7 26. Rde1 Qxc6 27. Rxe7 Rxe7 28. Qxe7+ Kc8 29. h4 Nc5 30. Rd1 Rd8 31. Qe2 Rf8 32. g3 Re8 33. Rxd6 Nd3+ 34. Qxd3 Qh1+ 35. Qd1 Re1 36. Rd8+ Kc7 37. Rd7+ Kc6 38. Rd6+ Kc7 1/2-1/2

[Event "CP-2008-Q-00012"]
[Site "LSS email"]
[Date "2010.01.10"]
[Round "?"]
[White "Zywczok, Antoni"]
[Black "Jordan, Juergen"]
[Result "0-1"]
[WhiteElo "1584"]
[BlackElo "2143"]
[PlyCount "98"]
[EventDate "2010.01.15"]
[EventType "tourn (corr)"]
[EventRounds "6"]
[EventCountry "GER"]
[SourceTitle "Telechess CBM 145"]
[Source "Chessbase"]
[SourceDate "2011.11.11"]
[SourceVersion "1"]
[SourceVersionDate "2011.11.11"]
[SourceQuality "1"]

1. d4 Nf6 2. Nf3 g6 3. g3 Bg7 4. Bg2 0-0 5. 0-0 d6 6. c4 Nc6 7. Nc3 a6 8. h3 Bd7 9. e4 e5 10. dxe5 Nxe5 11. Nxe5 dxe5 12. Be3 Be6 13. Qe2 c6 14. Rfd1 Qa5 15. a3 Rfd8 16. Rdc1 Re8 17. b4 Qd8 18. a4 a5 19. b5 Bf8 20. Kh2 Rc8 21. Rab1 Ba3 22. Rd1 Qe7 23. bxc6 bxc6 24. Rb6 Bb4 25. Rc1 Rc7 26. Bg5 h6 27. Bxh6 Nd7 28. c5 Ba3 29. Rc2 Nxb6 30. cxb6 Rb7 31. Qe3 Kh7 32. Ne2 Bb4 33. Rxc6 f6 34. h4 Bd7 35. Rc1 Rg8 36. Rh1 Bxa4 37. g4 Rd8 38. g5 Bd2 39. Qg3 Qe8 40. Bh3 Bb5 41. Qg4 Rxb6 42. Ng3 Qf7 43. Kg2 fxg5 44. Bxg5 Rf8 45. Nf5 gxf5 46. exf5 Rg8 47. f6 Bc6+ 48. f3 Rb2 49. Qf5+ Kh8 0-1

[Event "LSS CP-2008-P-00041"]
[Site "LSS email"]
[Date "2008.10.01"]
[Round "?"]
[White "Laureles, Raymundo"]
[Black "Zywczok, Antoni"]
[Result "0-1"]
[WhiteElo "1732"]
[BlackElo "1387"]
[PlyCount "76"]
[EventDate "2008.10.01"]
[EventType "tourn (corr)"]
[EventRounds "6"]
[EventCountry "GER"]
[SourceTitle "Corr 2013"]
[Source "ChessBase"]
[SourceDate "2012.11.12"]
[SourceVersion "1"]
[SourceVersionDate "2012.11.12"]
[SourceQuality "1"]
[WhiteTeam "US of America"]
[BlackTeam "US of America"]
[WhiteTeamCountry "USA"]
[BlackTeamCountry "USA"]

1. e4 c5 2. Nf3 d6 3. d4 cxd4 4. Nxd4 Nf6 5. Nc3 a6 6. Bg5 e6 7. f4 Be7 8. Qf3 Qc7 9. 0-0-0 Nbd7 10. g4 b5 11. Bxf6 Nxf6 12. g5 Nd7 13. Qh5 g6 14. Qh6 b4 15. Qg7 Rf8 16. Na4 Bb7 17. Qxh7 Bxe4 18. Rg1 d5 19. Qh4 Qa5 20. b3 Nc5 21. Kb1 Nxa4 22. bxa4 Bc5 23. Qf2 Qxa4 24. Rd2 Rb8 25. Rg3 Rh8 26. Rb3 Qa5 27. Bd3 Qb6 28. Bxe4 dxe4 29. f5 exf5 30. Qf4 Bd6 31. Qf1 Rxh2 32. Rxh2 Bxh2 33. Ne2 Be5 34. c3 Qd6 35. c4 Rc8 36. Qe1 Rxc4 37. a3 a5 38. a4 Qd7 0-1

[Event "IECG CP.2005.Q.00001 email"]
[Site "IECG email"]
[Date "2007.01.15"]
[Round "?"]
[White "Dutra, Alfredo"]
[Black "Zywczok, Antoni"]
[Result "1/2-1/2"]
[WhiteElo "2405"]
[BlackElo "800"]
[PlyCount "137"]
[EventDate "2007.01.15"]
[EventType "tourn (corr)"]
[EventRounds "9"]
[SourceTitle "Corr 2024"]
[Source "ChessBase"]
[SourceDate "2023.10.19"]
[SourceVersion "1"]
[SourceVersionDate "2023.10.19"]
[SourceQuality "1"]

1. d4 Nf6 2. c4 g6 3. Nc3 Bg7 4. e4 d6 5. Nf3 0-0 6. Bg5 h6 7. Be3 a5 8. h3 Nfd7 9. Qd2 Kh7 10. Rd1 Nc6 11. Be2 b6 12. g4 e5 13. d5 Ne7 14. g5 h5 15. b3 Nc5 16. Qc2 Bd7 17. a3 Qc8 18. Bf1 Kg8 19. Bg2 Rd8 20. Nd2 Nb7 21. b4 Rf8 22. Rb1 axb4 23. axb4 f6 24. gxf6 Bxf6 25. Nf3 Kg7 26. Rc1 Nd8 27. c5 bxc5 28. bxc5 dxc5 29. Bxc5 Nf7 30. Nb1 Qa6 31. Nbd2 Rfb8 32. Nc4 Nc8 33. Nfd2 Ncd6 34. Be3 Rb4 35. Nb2 Qa2 36. Nd1 Qxc2 37. Rxc2 Bd8 38. Rc1 Nb5 39. 0-0 Nd4 40. Nc3 Ra3 41. Kh2 Be7 42. Ncb1 Ra7 43. Rfe1 Rab7 44. Kh1 g5 45. Kh2 Nd6 46. Na3 Ba4 47. Ra1 Be8 48. Rac1 Ba4 49. Rc3 N6b5 50. Nxb5 Nxb5 51. Rcc1 Nd4 52. Bxd4 exd4 53. e5 Ra7 54. Ra1 d3 55. Rec1 g4 56. hxg4 Bg5 57. Ra2 Bf4+ 58. Kg1 Bxe5 59. gxh5 Rb2 60. Rxb2 Bxb2 61. Rc4 Bd1 62. Bf1 Bxh5 63. Bxd3 Bf7 64. Be4 Be5 65. Rc6 Bf4 66. Nc4 Be8 67. Rc5 Ra1+ 68. Kg2 Rc1 69. d6 1/2-1/2

[Event "POL-chT IMP email"]
[Site "POL email"]
[Date "2005.??.??"]
[Round "5"]
[White "Grochowski, Mariusz"]
[Black "Zywczok, Antoni"]
[Result "1/2-1/2"]
[WhiteElo "2005"]
[BlackElo "1800"]
[PlyCount "70"]
[EventDate "2005.??.??"]
[EventType "tourn (corr)"]
[EventRounds "15"]
[EventCountry "POL"]
[SourceTitle "Corr 2008"]
[Source "ChessBase"]
[SourceDate "2008.06.24"]
[SourceVersion "1"]
[SourceVersionDate "2008.06.24"]
[SourceQuality "1"]

1. d4 Nf6 2. c4 g6 3. Nc3 Bg7 4. e4 d6 5. Nf3 0-0 6. Be2 e5 7. dxe5 dxe5 8. Qxd8 Rxd8 9. Bg5 Re8 10. 0-0-0 h6 11. Bxf6 Bxf6 12. h4 c6 13. h5 g5 14. Nh2 Na6 15. Bg4 Bg7 16. Bxc8 Raxc8 17. Ng4 Rcd8 18. Ne2 Nc5 19. f3 Ne6 20. g3 a5 21. Rxd8 Rxd8 22. Rd1 Rxd1+ 23. Kxd1 b6 24. a3 f6 25. b4 Kf7 26. Kc2 axb4 27. axb4 Nc7 28. Kd3 Ke6 29. Nc3 b5 30. Ne3 Kd7 31. cxb5 Nxb5 32. Nxb5 cxb5 33. Nd5 Kd6 34. Kc3 Kd7 35. Kd2 Kd6 1/2-1/2

[Event "POL-chT IMP email"]
[Site "POL email"]
[Date "2005.??.??"]
[Round "10"]
[White "Wojtczak, Miroslaw"]
[Black "Zywczok, Antoni"]
[Result "0-1"]
[WhiteElo "1800"]
[BlackElo "1800"]
[PlyCount "66"]
[EventDate "2005.??.??"]
[EventType "tourn (corr)"]
[EventRounds "15"]
[EventCountry "POL"]
[SourceTitle "Corr 2008"]
[Source "ChessBase"]
[SourceDate "2008.06.24"]
[SourceVersion "1"]
[SourceVersionDate "2008.06.24"]
[SourceQuality "1"]

1. d4 Nf6 2. c4 g6 3. Nc3 Bg7 4. e4 d6 5. Nf3 0-0 6. Be2 e5 7. d5 a5 8. 0-0 Na6 9. Ne1 Nc5 10. Qc2 Ne8 11. Nd3 f5 12. Nxc5 dxc5 13. exf5 gxf5 14. f3 Nd6 15. Be3 b6 16. Rae1 f4 17. Bf2 Qg5 18. Kh1 Rf6 19. Bd3 Rh6 20. Ne4 Qh5 21. Bg1 Nf5 22. Qf2 Rg6 23. Qc2 Bd7 24. Qd1 Kh8 25. Re2 Rg8 26. Rd2 Bf6 27. Re2 Bh4 28. b3 Rh6 29. Qa1 Nd4 30. Rb2 Rg7 31. Qc1 Nf5 32. g4 fxg3 33. Rg2 Rhg6 0-1

[Event "POL-chT IMP email"]
[Site "POL email"]
[Date "2005.??.??"]
[Round "8"]
[White "Zywczok, Antoni"]
[Black "Broniek, Mariusz Maciej"]
[Result "1-0"]
[WhiteElo "1800"]
[BlackElo "1610"]
[PlyCount "59"]
[EventDate "2005.??.??"]
[EventType "tourn (corr)"]
[EventRounds "15"]
[EventCountry "POL"]
[SourceTitle "Corr 2008"]
[Source "ChessBase"]
[SourceDate "2008.06.24"]
[SourceVersion "1"]
[SourceVersionDate "2008.06.24"]
[SourceQuality "1"]

1. d4 d5 2. Nf3 Nf6 3. c4 e6 4. Bg5 Be7 5. e3 0-0 6. Nc3 h6 7. Bh4 b6 8. Bd3 Bb7 9. 0-0 Nbd7 10. Qe2 c5 11. Rac1 a6 12. cxd5 exd5 13. dxc5 bxc5 14. Rfd1 Re8 15. Bc2 Qb6 16. Bb3 c4 17. Ba4 Bc6 18. Bxc6 Qxc6 19. b3 Rac8 20. Nd4 Qb6 21. Qf3 Ba3 22. Bxf6 Nxf6 23. Rc2 Qa5 24. Nce2 Bd6 25. Nf5 Be5 26. Nfd4 Rc7 27. h3 Qb6 28. g3 Bxd4 29. Nxd4 Rc5 30. Qe2 1-0